Every INXS song that hit the Billboard hot 100 - Statistics

General Stats
  • This quiz has been taken 54 times
  • The average score is 9 of 18
Answer Stats
Peak Chart Position Year Song % Correct
1 1988 Need You Tonight
93%
7 1988 Never Tear Us Apart
82%
9 1990 Suicide Blonde
82%
3 1988 New Sensation
71%
2 1988 Devil Inside
69%
58 1984 Original Sin
67%
5 1986 What You Need
60%
46 1993 Beautiful Girl
58%
80 1983 Don't Change
53%
54 1986 Listen Like Thieves
53%
8 1991 Disappear
49%
46 1991 Bitter Tears
42%
37 2005 Pretty Vegas
33%
30 1983 The One Thing
33%
77 1984 I Send A Message
22%
81 1985 This Time
18%
28 1992 Not Enough Time
16%
47 1987 Good Times (From "The Lost Boys")
13%
No matching quizzes found
Score Distribution
Percent of People with Each Score
Percentile by Number Answered
Your Score History
You have not taken this quiz